Samuel the prophet. (Record no. 3752)

000 -LEADER
fixed length control field 00716nam a2200217 a 4500
001 - CONTROL NUMBER
control field :::00001487$&:&@@
003 - CONTROL NUMBER IDENTIFIER
control field OkBaRHE
005 - DATE AND TIME OF LATEST TRANSACTION
control field 20000607103244.0
008 - FIXED-LENGTH DATA ELEMENTS--GENERAL INFORMATION
fixed length control field s1965 j 000 0 eng u
040 ## - CATALOGING SOURCE
Transcribing agency
100 1# - MAIN ENTRY--PERSONAL NAME
Personal name Lindsay, Gordon.
245 10 - TITLE STATEMENT
Title Samuel the prophet.
260 ## - PUBLICATION, DISTRIBUTION, ETC. (IMPRINT)
Place of publication, distribution, etc Dallas, TX., :
Name of publisher, distributor, etc Christ For The Nations
Date of publication, distribution, etc c1965
300 ## - PHYSICAL DESCRIPTION
Extent 40 p. ;
Dimensions 23 cm.
490 0# - SERIES STATEMENT
Series statement Through the Bible series, vol.17.
650 ## - SUBJECT ADDED ENTRY--TOPICAL TERM
Topical term or geographic name as entry element Bible Old Testament I Samuel
650 ## - SUBJECT ADDED ENTRY--TOPICAL TERM
Topical term or geographic name as entry element Samuel.
942 ## - ADDED ENTRY ELEMENTS (KOHA)
Source of classification or shelving scheme
Koha item type Books
Copies
Copy number Full call number Date last seen Barcode Lost status Shelving location Price effective from Date acquired Damaged status Withdrawn status Permanent Location Not for loan Koha item type Source of classification or shelving scheme
1BS 580 .S2L52010-04-141487 General Stacks2010-04-142010-04-14  RHEMA Bible Training College Books 
2BS 580 .S2L52010-04-1416957 General Stacks2010-04-142010-04-14  RHEMA Bible Training College Books